Noem de 5 nationale vliegvelden en 11 kleinere vliegvelden in NL - Statistieken

Algemene statistieken
  • Deze quiz is 25 keer genomen
  • De gemiddelde score is 3 van 16
Antwoordstatistieken
Hint Antwoord % Correct
2 Eindhoven Airport
50%
8 Lelystad
50%
10 Teuge
35%
1 Amsterdam Airport Schiphol
25%
5 Maastricht Aachen Airport
25%
2 Breda
20%
5 Enschedé
20%
6 Hilversum
20%
3 Rotterdam The Hague Airport
20%
4 Groningen Airport Eelde
10%
1 Ameland
5%
3 Budel
5%
7 Hoogeveen
5%
9 Midden-Zeeland
5%
11 Texel
5%
4 Drachten
0%
Geen overeenkomende quizzen gevonden
Scoreverdeling
Procent van Mensen met Elke Score
Percentiel versus Aantal Correcte Antwoorden
Uw Scoregeschiedenis
U heeft deze quiz nog niet genomen